[Event "CZE-ch Seniors 65"]
[Site "Olomouc"]
[Date "2023.08.13"]
[Round "3"]
[White "Sejkora, Vlastimil"]
[Black "Kubala, Karel"]
[Result "1-0"]
[WhiteElo "2139"]
[BlackElo "1747"]
[PlyCount "75"]
[EventDate "2023.08.12"]
[EventType "swiss"]
[EventRounds "9"]
[EventCountry "CZE"]
[SourceTitle "EXT 2024"]
[Source "ChessBase"]
[SourceDate "2023.10.10"]
[SourceVersion "1"]
[SourceVersionDate "2023.10.10"]
[SourceQuality "1"]

1. c4 b6 2. Nc3 Bb7 3. e4 e5 4. d3 Nc6 5. Nf3 Bb4 6. Be2 Bxc3+ 7. bxc3 Nge7 8. d4 Ng6 9. h4 d6 10. d5 Na5 11. h5 Nf8 12. Bg5 f6 13. Be3 Bc8 14. Nd2 Nb7 15. a4 a5 16. g3 Nd7 17. f4 exf4 18. gxf4 Qe7 19. Kf2 Ndc5 20. Qc2 Bd7 21. Bd3 0-0-0 22. Bd4 Rde8 23. f5 Qf7 24. Be2 g6 25. h6 Re7 26. Bf3 Rhe8 27. Rh4 Rg8 28. Bg4 gxf5 29. exf5 Qf8 30. Be3 Be8 31. Bf3 Bf7 32. Nb3 Re5 33. Nd4 Rg5 34. Bxg5 fxg5 35. Rhh1 Be8 36. Kg3 Nd7 37. Nc6 Rxf5 38. Qxf5 1-0

[Event "CZE-chT2B 2223"]
[Site "Czech Republic"]
[Date "2022.12.18"]
[Round "5.3"]
[White "Krejcik, Jiri"]
[Black "Sejkora, Vlastimil"]
[Result "1-0"]
[WhiteElo "2044"]
[BlackElo "2190"]
[PlyCount "57"]
[EventDate "2022.10.16"]
[EventType "team-tourn"]
[EventRounds "11"]
[EventCountry "CZE"]
[SourceTitle "EXT 2024"]
[Source "ChessBase"]
[SourceDate "2023.10.10"]
[SourceVersion "1"]
[SourceVersionDate "2023.10.10"]
[SourceQuality "1"]
[WhiteTeam "Karlovy Vary"]
[BlackTeam "Decin"]
[WhiteTeamCountry "CZE"]
[BlackTeamCountry "CZE"]

1. e4 g6 2. d4 c6 3. c4 Bg7 4. Be3 d6 5. Nc3 Nf6 6. f3 0-0 7. Qd2 e5 8. d5 a6 9. g4 cxd5 10. cxd5 b5 11. Nge2 Nbd7 12. Ng3 Nb6 13. b3 Ne8 14. Bd3 Ra7 15. Rc1 f6 16. a4 b4 17. Na2 a5 18. Bxb6 Qxb6 19. Rxc8 Raf7 20. Rc6 Qd8 21. 0-0 f5 22. exf5 Qh4 23. Nc1 Bh6 24. Qf2 Ng7 25. Rxd6 Bxc1 26. Rxc1 gxf5 27. gxf5 Qg5 28. Rc4 h5 29. Rg6 1-0

[Event "CZE-chT2B 2223"]
[Site "Czech Republic"]
[Date "2022.11.20"]
[Round "3.3"]
[White "Ksana, Vaclav"]
[Black "Sejkora, Vlastimil"]
[Result "0-1"]
[WhiteElo "2198"]
[BlackElo "2189"]
[PlyCount "86"]
[EventDate "2022.10.16"]
[EventType "team-tourn"]
[EventRounds "11"]
[EventCountry "CZE"]
[SourceTitle "EXT 2024"]
[Source "ChessBase"]
[SourceDate "2023.10.10"]
[SourceVersion "1"]
[SourceVersionDate "2023.10.10"]
[SourceQuality "1"]
[WhiteTeam "Kolesovice"]
[BlackTeam "Decin"]
[WhiteTeamCountry "CZE"]
[BlackTeamCountry "CZE"]

1. e4 c6 2. d4 g6 3. Nc3 d5 4. h4 dxe4 5. Nxe4 Bf5 6. Ng3 h5 7. Nxf5 gxf5 8. Be2 Nf6 9. Nh3 e6 10. Bg5 Nbd7 11. Nf4 Be7 12. Rh3 Ng4 13. Bxe7 Qxe7 14. Qd2 a5 15. a4 Qd6 16. Rb3 b6 17. Bf3 Rc8 18. 0-0-0 Nxf2 19. Nxe6 Nxd1 20. Ng5 Nxb2 21. Kxb2 c5 22. Qe2+ Kf8 23. Qc4 Qxd4+ 24. Qxd4 cxd4 25. Bd5 Nc5 26. Rf3 f6 27. Rxf5 Ke7 28. Nf3 d3 29. c4 Nxa4+ 30. Kb3 Nc5+ 31. Kc3 a4 32. Nd4 Nb3 33. Nxb3 axb3 34. Rf3 b5 35. Kxb3 bxc4+ 36. Bxc4 d2 37. Re3+ Kd6 38. Rd3+ Ke5 39. Rxd2 Rc6 40. Rd5+ Kf4 41. Rb5 Kg3 42. Bd5 Rcc8 43. Ka4 Rb8 0-1

[Event "Olomouc Seniors op"]
[Site "Olomouc"]
[Date "2022.08.18"]
[Round "7"]
[White "Sejkora, Vlastimil"]
[Black "Stigar, Petter"]
[Result "1/2-1/2"]
[WhiteElo "2151"]
[BlackElo "2212"]
[PlyCount "31"]
[EventDate "2022.08.13"]
[EventType "swiss"]
[EventRounds "9"]
[EventCountry "CZE"]
[SourceTitle "CBM 209 Extra"]
[Source "ChessBase"]
[SourceDate "2022.09.30"]
[SourceVersion "1"]
[SourceVersionDate "2022.09.30"]
[SourceQuality "1"]

1. c4 e6 2. g3 d5 3. Bg2 Nf6 4. Nf3 dxc4 5. Qa4+ c6 6. Qxc4 b5 7. Qc2 Bb7 8. d4 Nbd7 9. Nc3 a6 10. 0-0 c5 11. dxc5 Bxc5 12. Bg5 Rc8 13. Qd3 0-0 14. a3 h6 15. Bxf6 Nxf6 16. Qxd8 1/2-1/2

[Event "Olomouc Seniors op"]
[Site "Olomouc"]
[Date "2022.08.15"]
[Round "4"]
[White "Sejkora, Vlastimil"]
[Black "Molnar, Jiri"]
[Result "1-0"]
[WhiteElo "2151"]
[BlackElo "1797"]
[PlyCount "55"]
[EventDate "2022.08.13"]
[EventType "swiss"]
[EventRounds "9"]
[EventCountry "CZE"]
[SourceTitle "CBM 209 Extra"]
[Source "ChessBase"]
[SourceDate "2022.09.30"]
[SourceVersion "1"]
[SourceVersionDate "2022.09.30"]
[SourceQuality "1"]

1. e4 d5 2. exd5 Qxd5 3. Nc3 Qd8 4. d4 Nf6 5. Nf3 Bg4 6. Be2 e6 7. 0-0 Be7 8. Be3 0-0 9. h3 Bh5 10. Na4 c6 11. c4 Nbd7 12. Nc3 Qc7 13. Rc1 Rfd8 14. Qd2 Bb4 15. Bf4 e5 16. dxe5 Bxc3 17. Qxc3 Re8 18. Rfe1 Nc5 19. Bh2 Nfe4 20. Qe3 Qb6 21. b3 f6 22. Rb1 Bg6 23. b4 Nd7 24. c5 Qd8 25. Rbd1 Qe7 26. Bc4+ Kh8 27. e6 Nf8 28. Bd6 1-0

[Event "CZE-chT2B 1920"]
[Site "Czech Republic"]
[Date "2020.06.28"]
[Round "11.5"]
[White "Dvorak, Jan"]
[Black "Sejkora, Vlastimil"]
[Result "0-1"]
[WhiteElo "2156"]
[BlackElo "2144"]
[PlyCount "94"]
[EventDate "2019.10.13"]
[EventType "team-tourn"]
[EventRounds "11"]
[EventCountry "CZE"]
[SourceTitle "EXT 2024"]
[Source "ChessBase"]
[SourceDate "2023.10.10"]
[SourceVersion "1"]
[SourceVersionDate "2023.10.10"]
[SourceQuality "1"]
[WhiteTeam "Kobylisy"]
[BlackTeam "Decin"]
[WhiteTeamCountry "CZE"]
[BlackTeamCountry "CZE"]

1. d4 g6 2. c4 Bg7 3. Nf3 Nf6 4. Nc3 d6 5. e4 0-0 6. Be2 Nbd7 7. 0-0 e5 8. d5 Nc5 9. Qc2 a5 10. Nd2 Nh5 11. Bxh5 gxh5 12. Nb3 Na6 13. Qe2 f5 14. exf5 Qh4 15. Ne4 Bxf5 16. Ng3 Bg6 17. Be3 Nb4 18. Rfd1 a4 19. Nd2 a3 20. Nf3 Qe7 21. Bg5 Qf7 22. bxa3 Rxa3 23. Ne4 Qf5 24. Bc1 Rxa2 25. Rxa2 Nxa2 26. Qxa2 Qxe4 27. Ng5 Qc2 28. Qxc2 Bxc2 29. Rd2 Bb3 30. Rb2 Bxc4 31. Rxb7 Rc8 32. f3 Bxd5 33. Ra7 e4 34. Ra5 Bd4+ 35. Kh1 exf3 36. gxf3 c5 37. Kg2 Re8 38. Ra6 Re2+ 39. Kg3 Rc2 40. Bf4 Bf2+ 41. Kg2 c4 42. Nh3 Bh4+ 43. Kg1 Bxf3 44. Rxd6 Rg2+ 45. Kf1 Rb2 46. Bg3 Bxg3 47. hxg3 Bg2+ 0-1

[Event "CZE-chT2B 1920"]
[Site "Czech Republic"]
[Date "2020.02.23"]
[Round "9.6"]
[White "Sejkora, Vlastimil"]
[Black "Prochazka, Dalibor"]
[Result "1/2-1/2"]
[WhiteElo "2144"]
[BlackElo "2167"]
[PlyCount "86"]
[EventDate "2019.10.13"]
[EventType "team-tourn"]
[EventRounds "11"]
[EventCountry "CZE"]
[SourceTitle "EXT 2024"]
[Source "ChessBase"]
[SourceDate "2023.10.10"]
[SourceVersion "1"]
[SourceVersionDate "2023.10.10"]
[SourceQuality "1"]
[WhiteTeam "Decin"]
[BlackTeam "Karlovy Vary Tietz"]
[WhiteTeamCountry "CZE"]
[BlackTeamCountry "CZE"]

1. Nf3 g6 2. e4 c5 3. d4 Bg7 4. c4 cxd4 5. Nxd4 Nc6 6. Nc2 d6 7. Be2 f5 8. h4 h5 9. exf5 Bxf5 10. Nc3 Nf6 11. Ne3 Be6 12. Ned5 Qd7 13. f3 Bf7 14. Be3 Nh7 15. Qd2 e6 16. Nf4 0-0-0 17. 0-0-0 Kb8 18. Qc2 Bh6 19. g4 e5 20. Nfd5 Bxe3+ 21. Nxe3 Nd4 22. Qd2 Nf8 23. g5 Nfe6 24. b3 Qc6 25. Kb2 Nf4 26. Bd3 Nxf3 27. Be4 Nxd2 28. Bxc6 Nxc4+ 29. Nxc4 Bxc4 30. Be4 Bf7 31. Rhf1 d5 32. Bc2 Rd7 33. Ne4 Rhd8 34. Nf6 Re7 35. Rde1 Re6 36. b4 a6 37. Re3 Rdd6 38. Bb3 Rxf6 39. gxf6 Rxf6 40. Bc2 e4 41. Kb1 Kc7 42. Bxe4 Kd6 43. Bc2 b5 1/2-1/2

[Event "CZE-chT2B 1920"]
[Site "Czech Republic"]
[Date "2020.01.26"]
[Round "7.6"]
[White "Cozl, David"]
[Black "Sejkora, Vlastimil"]
[Result "0-1"]
[WhiteElo "1963"]
[BlackElo "2144"]
[PlyCount "68"]
[EventDate "2019.10.13"]
[EventType "team-tourn"]
[EventRounds "11"]
[EventCountry "CZE"]
[SourceTitle "EXT 2024"]
[Source "ChessBase"]
[SourceDate "2023.10.10"]
[SourceVersion "1"]
[SourceVersionDate "2023.10.10"]
[SourceQuality "1"]
[WhiteTeam "Kolesovice Cesky Lev"]
[BlackTeam "Decin"]
[WhiteTeamCountry "CZE"]
[BlackTeamCountry "CZE"]

1. f4 e5 2. fxe5 d6 3. exd6 Bxd6 4. Nf3 g5 5. g3 g4 6. Nh4 Ne7 7. e4 Ng6 8. Nf5 h5 9. d4 Nc6 10. Bb5 h4 11. 0-0 hxg3 12. hxg3 Bxg3 13. Qxg4 Bh2+ 14. Kg2 Bxf5 15. exf5 Qd5+ 16. Kf2 Nge5 17. Bxc6+ Nxc6 18. Re1+ Be5 19. Qe4 Qa5 20. dxe5 0-0-0 21. c3 Rh2+ 22. Kg3 Rdh8 23. Bf4 Qb6 24. Rf1 Qxb2 25. Nd2 R8h3+ 26. Kg4 Rh4+ 27. Kg5 Rh5+ 28. Kf6 Qa3 29. Qxc6 bxc6 30. Bxh2 Qf8 31. Rf2 Qh8+ 32. Kxf7 Rh7+ 33. Ke6 Qg8+ 34. Kf6 Qg7+ 0-1

[Event "CZE-chT2B 1920"]
[Site "Czech Republic"]
[Date "2020.01.12"]
[Round "6.5"]
[White "Kudrlicka, Ladislav"]
[Black "Sejkora, Vlastimil"]
[Result "1/2-1/2"]
[WhiteElo "2033"]
[BlackElo "2144"]
[PlyCount "98"]
[EventDate "2019.10.13"]
[EventType "team-tourn"]
[EventRounds "11"]
[EventCountry "CZE"]
[SourceTitle "EXT 2024"]
[Source "ChessBase"]
[SourceDate "2023.10.10"]
[SourceVersion "1"]
[SourceVersionDate "2023.10.10"]
[SourceQuality "1"]
[WhiteTeam "Teplice"]
[BlackTeam "Decin"]
[WhiteTeamCountry "CZE"]
[BlackTeamCountry "CZE"]

1. d4 Nf6 2. Nf3 g6 3. Bg5 Bg7 4. Nbd2 d5 5. e3 Bg4 6. h3 Bxf3 7. Nxf3 Nbd7 8. Be2 0-0 9. 0-0 c5 10. c3 Qb6 11. Qb3 e6 12. Qxb6 axb6 13. Bb5 Rfc8 14. Bf4 Bf8 15. Ne5 Nxe5 16. Bxe5 Be7 17. f3 Ne8 18. a3 Kf8 19. Rae1 f6 20. Bg3 Kf7 21. Bh2 Rd8 22. Rd1 Rac8 23. Rfe1 Nd6 24. Bxd6 Bxd6 25. Kf2 h5 26. f4 h4 27. Kf3 f5 28. Rg1 g5 29. g4 hxg3 30. Rxg3 gxf4 31. exf4 Rg8 32. Rxg8 Rxg8 33. c4 cxd4 34. Rxd4 Rh8 35. Kg2 Rg8+ 36. Kf3 Kf6 37. cxd5 e5 38. fxe5+ Bxe5 39. Rd3 Rg3+ 40. Kf2 Rxd3 41. Bxd3 Bxb2 42. a4 Ke5 43. Bc4 Kf4 44. d6 Bf6 45. d7 Bh4+ 46. Kg2 Ke4 47. Bb5 Ke5 48. Bd3 Ke6 49. Bb5 Ke5 1/2-1/2

[Event "Tatry op"]
[Site "Tatranske Zruby"]
[Date "2019.09.30"]
[Round "4"]
[White "Sejkora, Vlastimil"]
[Black "Chubar, Vladimir"]
[Result "1/2-1/2"]
[WhiteElo "2144"]
[BlackElo "1951"]
[PlyCount "109"]
[EventDate "2019.09.28"]
[EventType "swiss"]
[EventRounds "9"]
[EventCountry "SVK"]
[SourceTitle "EXT 2020"]
[Source "ChessBase"]
[SourceDate "2019.10.17"]
[SourceVersion "1"]
[SourceVersionDate "2019.10.17"]
[SourceQuality "1"]

1. e4 e6 2. d3 d5 3. Nd2 Nf6 4. Ngf3 Nc6 5. e5 Nd7 6. d4 f6 7. exf6 Qxf6 8. c3 Bd6 9. Be2 0-0 10. 0-0 Kh8 11. Nb3 e5 12. Bg5 Qg6 13. dxe5 Ndxe5 14. Bh4 Bg4 15. Nbd2 Rae8 16. Bg3 Qh5 17. h3 Nxf3+ 18. Nxf3 Bc8 19. Bxd6 cxd6 20. Nd4 Qg5 21. Nf3 Qf4 22. Re1 Re6 23. Qd2 Qxd2 24. Nxd2 Rfe8 25. Kf1 d4 26. Bf3 Rxe1+ 27. Rxe1 Rxe1+ 28. Kxe1 dxc3 29. bxc3 Ne5 30. Bd5 Bf5 31. Bxb7 Nd3+ 32. Ke2 Nc1+ 33. Ke3 Nxa2 34. Kd4 Nc1 35. Ba6 Kg8 36. g4 Be6 37. f4 Nb3+ 38. Nxb3 Bxb3 39. c4 Kf7 40. Kd5 Ke7 41. Kc6 Bd1 42. Kb7 Kd8 43. Kxa7 Kc7 44. Bb7 h5 45. g5 h4 46. Bd5 Kd7 47. f5 Ke7 48. Kb6 Be2 49. c5 dxc5 50. Kxc5 Bf1 51. Kd4 Bxh3 52. Ke5 Bf1 53. f6+ gxf6+ 54. gxf6+ Kf8 55. Be6 1/2-1/2

[Event "Tatry op"]
[Site "Tatranske Zruby"]
[Date "2019.09.29"]
[Round "3"]
[White "Krnan, Tomas"]
[Black "Sejkora, Vlastimil"]
[Result "1-0"]
[WhiteElo "2408"]
[BlackElo "2144"]
[PlyCount "91"]
[EventDate "2019.09.28"]
[EventType "swiss"]
[EventRounds "9"]
[EventCountry "SVK"]
[SourceTitle "EXT 2020"]
[Source "ChessBase"]
[SourceDate "2019.10.17"]
[SourceVersion "1"]
[SourceVersionDate "2019.10.17"]
[SourceQuality "1"]

1. e4 c5 2. Nf3 d6 3. Bb5+ Bd7 4. Bxd7+ Qxd7 5. c4 Nc6 6. d4 cxd4 7. Nxd4 Nf6 8. Nc3 g6 9. f3 Bg7 10. Be3 0-0 11. 0-0 Rfc8 12. b3 e6 13. Rc1 Rd8 14. Nxc6 bxc6 15. Qe2 d5 16. e5 Ne8 17. f4 f6 18. Bf2 Nc7 19. Rfd1 fxe5 20. fxe5 Rf8 21. Na4 Rf5 22. Nc5 Qe7 23. Nd3 Rc8 24. Bxa7 dxc4 25. bxc4 Nd5 26. Bf2 Nf4 27. Nxf4 Rxf4 28. Rd6 Rf5 29. Bg3 Rcf8 30. c5 h5 31. h4 g5 32. Qxh5 gxh4 33. Qxh4 Qxh4 34. Bxh4 Bxe5 35. Rxc6 Bd4+ 36. Kh2 Rh5 37. Kh3 Rf4 38. g3 Re4 39. Rc8+ Kh7 40. Rc4 Rhe5 41. c6 Bb6 42. Rxe4 Rxe4 43. Rb8 Ba5 44. c7 Bxc7 45. Rb7 Rc4 46. Bd8 1-0

[Event "CZE-chT2B 1819"]
[Site "Czech Republic"]
[Date "2019.02.24"]
[Round "9.4"]
[White "Kruselj, Danijel"]
[Black "Sejkora, Vlastimil"]
[Result "0-1"]
[WhiteElo "2023"]
[BlackElo "2111"]
[PlyCount "90"]
[EventDate "2018.10.14"]
[EventType "team-tourn"]
[EventRounds "11"]
[EventCountry "CZE"]
[SourceTitle "EXT 2022"]
[Source "ChessBase"]
[SourceDate "2021.10.06"]
[SourceVersion "1"]
[SourceVersionDate "2021.10.06"]
[SourceQuality "1"]
[WhiteTeam "Teplice"]
[BlackTeam "Decin"]
[WhiteTeamCountry "CZE"]
[BlackTeamCountry "CZE"]

1. e4 c5 2. Nf3 Nf6 3. Nc3 Nc6 4. g3 d5 5. exd5 Nxd5 6. Bg2 e6 7. 0-0 Be7 8. Nxd5 exd5 9. d4 0-0 10. h3 Bf5 11. c3 Qd7 12. Kh2 b6 13. Re1 Rad8 14. Ne5 Nxe5 15. Rxe5 Be6 16. Re1 cxd4 17. cxd4 Bb4 18. Bd2 Bd6 19. Rc1 Qb5 20. Qb3 Qxb3 21. axb3 Rc8 22. f4 g6 23. Bf3 h5 24. Kg2 Rfd8 25. g4 hxg4 26. Bxg4 Rxc1 27. Rxc1 f5 28. Bf3 Kf7 29. b4 Rh8 30. Be2 Rh4 31. Rf1 g5 32. fxg5 Rxd4 33. Bh5+ Kg8 34. Bc3 Rh4 35. Bf3 Bxb4 36. Rd1 Bxc3 37. bxc3 Kf7 38. Bxd5 Bxd5+ 39. Rxd5 Kg6 40. Rd4 Kxg5 41. Kg3 Rxd4 42. cxd4 a5 43. h4+ Kf6 44. h5 a4 45. d5 a3 0-1

[Event "Tatry op"]
[Site "Tatranske Zruby"]
[Date "2018.10.05"]
[Round "7"]
[White "Zylka, Stanislaw"]
[Black "Sejkora, Vlastimil"]
[Result "1-0"]
[WhiteElo "2327"]
[BlackElo "2111"]
[PlyCount "83"]
[EventDate "2018.09.30"]
[EventType "swiss"]
[EventRounds "9"]
[EventCountry "SVK"]
[SourceTitle "CBM 186 Extra"]
[Source "ChessBase"]
[SourceDate "2018.08.24"]
[SourceVersion "1"]
[SourceVersionDate "2018.08.24"]
[SourceQuality "1"]

1. e4 c5 2. Nf3 d6 3. Bb5+ Bd7 4. c4 Nc6 5. d4 cxd4 6. Nxd4 Nf6 7. Nc3 g6 8. 0-0 Bg7 9. Bxc6 bxc6 10. c5 0-0 11. cxd6 exd6 12. Bf4 Re8 13. Re1 d5 14. exd5 Nxd5 15. Nxd5 cxd5 16. Rxe8+ Qxe8 17. Qd2 Qe4 18. Rd1 h5 19. h3 Rc8 20. Be3 Qe7 21. Qa5 Be6 22. Qa6 Rc7 23. b3 Bc8 24. Qa5 Be6 25. a4 Rb7 26. Rc1 Kh7 27. Nb5 d4 28. Nxd4 Bxb3 29. Nxb3 Rxb3 30. Qxa7 Qxa7 31. Bxa7 Ra3 32. Rc4 Ra1+ 33. Kh2 Be5+ 34. g3 g5 35. Kg2 Kg6 36. Bb6 Kf5 37. a5 f6 38. Rc8 Ke6 39. Ra8 Ra4 40. a6 Kd7 41. a7 Kc6 42. Rb8 1-0

[Event "Tatry op"]
[Site "Tatranske Zruby"]
[Date "2018.10.03"]
[Round "4"]
[White "Berezjuk, Sergej"]
[Black "Sejkora, Vlastimil"]
[Result "0-1"]
[WhiteElo "2427"]
[BlackElo "2111"]
[PlyCount "140"]
[EventDate "2018.09.30"]
[EventType "swiss"]
[EventRounds "9"]
[EventCountry "SVK"]
[SourceTitle "CBM 186 Extra"]
[Source "ChessBase"]
[SourceDate "2018.08.24"]
[SourceVersion "1"]
[SourceVersionDate "2018.08.24"]
[SourceQuality "1"]

1. c4 g6 2. Nf3 Bg7 3. d4 d6 4. Nc3 Nf6 5. g3 0-0 6. Bg2 a6 7. 0-0 Nc6 8. b3 e5 9. Bb2 Bg4 10. d5 Ne7 11. e4 Ne8 12. Qd3 Bxf3 13. Bxf3 f5 14. exf5 gxf5 15. Bg2 Ng6 16. Ne2 f4 17. Bh3 Qg5 18. Be6+ Kh8 19. Nc3 Nf6 20. Ne4 Qh5 21. f3 fxg3 22. hxg3 Nxe4 23. fxe4 Bh6 24. Kg2 Qg5 25. Kh2 Rxf1 26. Rxf1 Rf8 27. Rf5 Rxf5 28. Bxf5 Ne7 29. Bh3 Kg7 30. Ba3 b6 31. b4 Qf6 32. Kg2 Bg5 33. c5 b5 34. Bb2 h5 35. Qf3 Bd2 36. Qxf6+ Kxf6 37. a3 Be3 38. cxd6 cxd6 39. Kf3 Bg5 40. Bd7 h4 41. gxh4 Bxh4 42. Ke2 Kf7 43. Bc3 Bg5 44. Kd3 Bc1 45. Kc2 Be3 46. Be1 Bb6 47. Bd2 Kf6 48. Be1 Kf7 49. Bh4 Ng6 50. Bg5 Nf4 51. Bc8 a5 52. Bd7 axb4 53. axb4 Ne2 54. Bxb5 Nd4+ 55. Kd3 Nxb5 56. Kc4 Nd4 57. Bh4 Ke8 58. Bg5 Kd7 59. Bd2 Bd8 60. Be3 Kc7 61. Bh6 Be7 62. Be3 Bh4 63. Bh6 Nf3 64. Bf8 Bg5 65. b5 Be3 66. Be7 Bc5 67. Bf6 Kd7 68. Bg7 Ng5 69. Kd3 Nh3 70. Kc4 Nf2 0-1

[Event "CZE-chT2B 1718"]
[Site "Czech Republic"]
[Date "2018.04.08"]
[Round "11.1"]
[White "Rubes, Jan"]
[Black "Sejkora, Vlastimil"]
[Result "1-0"]
[WhiteElo "2285"]
[BlackElo "2147"]
[PlyCount "67"]
[EventDate "2017.10.15"]
[EventType "team-tourn"]
[EventRounds "11"]
[EventCountry "CZE"]
[SourceTitle "EXT 2022"]
[Source "ChessBase"]
[SourceDate "2021.10.06"]
[SourceVersion "1"]
[SourceVersionDate "2021.10.06"]
[SourceQuality "1"]
[WhiteTeam "Teplice"]
[BlackTeam "Decin"]
[WhiteTeamCountry "CZE"]
[BlackTeamCountry "CZE"]

1. d4 g6 2. e4 Bg7 3. Nc3 d6 4. Be3 c6 5. Nf3 Nf6 6. Qd2 b5 7. Bd3 Ng4 8. Bg5 f6 9. Bh4 e5 10. h3 exd4 11. Nxb5 Ne5 12. Nbxd4 Nxd3+ 13. cxd3 c5 14. Ne2 Nc6 15. 0-0 0-0 16. d4 Ba6 17. Rfd1 Kh8 18. Nf4 Qe8 19. Nd5 Rc8 20. dxc5 dxc5 21. Re1 Qd7 22. Rad1 Rcd8 23. Qe3 Nd4 24. Nxd4 cxd4 25. Qxd4 g5 26. Bg3 f5 27. Be5 fxe4 28. Bxg7+ Qxg7 29. Rxe4 Rf5 30. Qxg7+ Kxg7 31. Ne3 Rxd1+ 32. Nxd1 Rd5 33. Ne3 Rd2 34. Re7+ 1-0